00402nam a2200157Ia 450000100060000000800410000602000070004704000130005408200220006710000190008924500580010826000510016630000100021754600070022765000100023443380140425s9999 xx 000 0 und d aNA cPK-LaUMT aRHC 297.72bABD-D aAbdullah Azaam aDekhna! Qaafila choot naa jaae (Urdu)cAbdullah Azaam aLahore,Pakistan:bIdara-e-Muarf-e-Ilsmi,c1997 a72 p. aUR aIslam